000 00440nam a2200169Ia 4500
003 GCL
008 140319s9999 xx 000 0 eng d
040 _aGCL /
_cGCL
082 0 4 _a398.961
_bK R
100 1 _aKLEISER, LUIS
245 1 0 _aREFRANER GENERAL: IDEOLOGICO ESPANAL /
_cKLEISER, LUIS
260 _a[S.N] :
_bEDITORIAL HERNADO ،
_c1993
300 _a783 P
650 0 4 _aPROVERBS
650 0 4 _aSPANISH PROVERBS
942 _2ddc
_cBK
999 _c13277
_d13277